| 000 | 01345cam a2200385 a 4500 | ||
|---|---|---|---|
| 001 | 13919892 | ||
| 003 | OSt | ||
| 005 | 20140310182750.0 | ||
| 008 | 050404s2006 enka f a 001 0 eng | ||
| 010 | _a 2005925262 | ||
| 015 |
_aGBA503048 _2bnb |
||
| 016 | 7 |
_a013080359 _2Uk |
|
| 020 | _a0750663618 | ||
| 035 | _a(OCoLC)ocm57430060 | ||
| 040 |
_aUKM _cUKM _dBAKER _dBWKUK _dDLC |
||
| 042 | _alccopycat | ||
| 050 | 0 | 0 |
_aGT 3405 _b.M37 2006 |
| 100 | 1 | _aMasterman, Guy. | |
| 245 | 1 | 0 |
_aInnovative marketing communications : _bstrategies for the events industry / _cGuy Masterman, Emma H. Wood. |
| 260 |
_aOxford ; _aBurlington, MA : _bElsevier/Butterworth-Heinemann, _c2006. |
||
| 300 |
_a322 p. : _bill. ; _c25 cm. |
||
| 490 | 0 | _aEvents management series | |
| 504 | _aIncludes bibliographical references and indexes. | ||
| 562 | _eFor circulation. 1 copy available in the collection. | ||
| 650 | 0 |
_aSpecial events _xManagement. |
|
| 650 | 0 |
_aSpecial events _xMarketing. |
|
| 700 | 1 | _aWood, Emma H. | |
| 856 | 4 | 2 |
_3Publisher description _uhttp://www.loc.gov/catdir/enhancements/fy0661/2005925262-d.html |
| 906 |
_a7 _bcbc _ccopycat _d3 _encip _f20 _gy-gencatlg |
||
| 942 |
_2lcc _cBK _kFOR |
||
| 999 |
_c15723 _d15723 |
||